000 00427nam a2200157 4500
001 126879
003 ES-MaACL
005 20230906192910.0
007 t|
008 070214s1933 po r ||||1| por d
100 1 _aRibeiro, Aquilino.
_996748
245 1 0 _aMaria Benigna
_b: romance /
_cpor Aquilino Ribeiro.
260 _aLisboa :
_bLivr. Bertrand,
_c1933.
300 _a285 p. ;
_c19 x 12 cm.
852 _aES-MaACL
_jA-3460
999 _c126879
_d126879